| 000 | 00392pab a2200157 454500 | ||
|---|---|---|---|
| 008 | 180718b2001 xxu||||| |||| 00| 0 eng d | ||
| 100 | _aBilgin, Reyhan et al. | ||
| 245 | _aExperiencing work at different organisational levels | ||
| 260 | _c2001 | ||
| 300 | _ap.1-12 | ||
| 362 | _aJan-Jun | ||
| 650 | _aOrganizations | ||
| 650 | _aWork organizations | ||
| 773 | _aVision | ||
| 909 | _a49442 | ||
| 999 |
_c49442 _d49442 |
||